000 00651nam a2200217Ia 4500
001 21574
003 GE_BSU
008 181216s||||||||xx |||||||||||||| ||und||
040 _cGE_BSU
245 _aУспехи геронтологии. том 30. №3. 2017
245 _bAdvances in gerontology
245 _cгл. ред. В.Н. Анисимов и др.
260 _aМосква
260 _bЭскулап
260 _c2017
300 _a467 стр. 30см. илл.
653 _aПериодика
653 _aУспехи геронтологии. том 30. №3. 2017
653 _aპერიოდიკა
942 _cCR
999 _c54511
_d54511